Sports Quiz

Random Sports or Soccer Quiz

English Premier League Match-Up Quiz Stats

 Plays Quiz not verified by Sporcle

Also try: NBA MVP Teammates
Challenge
Share
Tweet
Score 0/20 Timer 05:00
0 Plays Today
% Correct
Manchester United
92.2%
Arsenal
90.6%
Tottenham
87.5%
Manchester City
84.4%
Liverpool
81.3%
Chelsea
78.1%
Everton
75%
Leicester City
75%
Southampton
68.8%
West Ham United
67.2%
% Correct
Sunderland
65.6%
West Bromwich Albion
60.9%
Swansea City
59.4%
Stoke City
57.8%
Watford
54.7%
Bournemouth
50%
Hull City
50%
Crystal Palace
50%
Middlesbrough
48.4%
Burnley FC
46.9%

You're not logged in!

Compare scores with friends on all Sporcle quizzes.
Join for Free
OR
Log In

You Might Also Like...

Show Comments

Extras

Top Quizzes Today


Score Distribution

Your Account Isn't Verified!

In order to create a playlist on Sporcle, you need to verify the email address you used during registration. Go to your Sporcle Settings to finish the process.

Report this User

Report this user for behavior that violates our Community Guidelines.

Details: